Marketing (Registro nro. 1231)
[ vista simple ]
| 000 -LEADER | |
|---|---|
| fixed length control field | 02260 a2200289 4500 |
| 001 - CONTROL NUMBER | |
| control field | 24901 |
| 005 - DATE AND TIME OF LATEST TRANSACTION | |
| control field | 20260407155531.0 |
| 008 - FIXED-LENGTH DATA ELEMENTS--GENERAL INFORMATION | |
| fixed length control field | 260407a2012 arg spa d |
| 003 - CONTROL NUMBER IDENTIFIER | |
| control field | AR-UNSa-BCEJYS |
| 040 ## - CATALOGING SOURCE | |
| Original cataloging agency | AR-UNSa-BCEJYS |
| Language of cataloging | spa |
| Transcribing agency | AR-UNSa-BCEJYS |
| 080 ## - UNIVERSAL DECIMAL CLASSIFICATION NUMBER | |
| Universal Decimal Classification number | 658.8 |
| Common auxiliary subdivision | Organización de mercados. Marketing. Ventas. Distribución |
| 020 ## - INTERNATIONAL STANDARD BOOK NUMBER | |
| International Standard Book Number | 978-607-32-1420-9 |
| 100 1# - MAIN ENTRY--PERSONAL NAME | |
| Personal name | Kotler, Philip |
| 245 10 - TITLE STATEMENT | |
| Title | Marketing |
| 250 ## - EDITION STATEMENT | |
| Edition statement | 14a. ed. |
| 264 #1 - PRODUCTION, PUBLICATION, DISTRIBUTION, MANUFACTURE, AND COPYRIGHT NOTICE | |
| Place of production, publication, distribution, manufacture | México : |
| Name of producer, publisher, distributor, manufacturer | Pearson Educación |
| Date of production, publication, distribution, manufacture, or copyright notice | 2012 |
| 300 ## - PHYSICAL DESCRIPTION | |
| Extent | xxvi, 613 p. |
| Dimensions | 27 cm. |
| 505 ## - FORMATTED CONTENTS NOTE | |
| Formatted contents note | 1, Marketing. Creación y captación de valor del cliente - 2. Empresa y estrategia de marketing. Asociaciones para establecer relaciones con el cliente - 3. Análisis del entorno de marketing - 4. Administración de la información de marketing para conocer a los clientes - 5. Administración de la información de marketing para conocer a los clientes - 6. Mercados de negocios y comportamiento de compras de negocios - 7. Estrategia de marketing impulsada por el cliente: creación de valor para los clientes meta - 8. Productos, servicios y marcas. Creación de valor para el cliente - 9. Desarrollo de nuevos productos y estrategias del ciclo de vida de los productos - 10. Comprensión de la fijación de precios y obtención del valor del cliente - 11. Estrategias de fijación de precios - 12. Canales de marketing: transferencia de valor para el cliente - 13. Venta al menudeo y al mayoreo - 14. Comunicación de valor para el cliente: estrategia de comunicación de marketing integrada - 15. Publicidad y relaciones públicas - 16. Ventas personales y promoción de ventas - 17: Marketing directo y marketing en línea: establecimiento de relaciones directas con los clientes - 18. Creación de una ventaja competitiva - 19. El mercado global - 20. Marketing sustentable: ética y responsabilidad social |
| 590 ## - LOCAL NOTE (RLIN) | |
| Local note | niveau_biblio:m niveau_hierar:0 |
| 700 1# - ADDED ENTRY--PERSONAL NAME | |
| Personal name | Armstrong, Gary |
| 700 1# - ADDED ENTRY--PERSONAL NAME | |
| Personal name | Pineda Ayala, Leticia Esther |
| 700 1# - ADDED ENTRY--PERSONAL NAME | |
| Personal name | Merino, María Isabel |
| 700 1# - ADDED ENTRY--PERSONAL NAME | |
| Personal name | Ascanio Rivera, María de la Luz Eloísa |
| 700 1# - ADDED ENTRY--PERSONAL NAME | |
| Personal name | Espinosa Reyna, José Habvi de Jesús |
| 856 41 - ELECTRONIC LOCATION AND ACCESS | |
| Uniform Resource Identifier | <a href="https://biblioeco.unsa.edu.ar/pmb/images/libros/Marketing (2012).jpg">https://biblioeco.unsa.edu.ar/pmb/images/libros/Marketing (2012).jpg</a> |
| Link text | Imagen de portada |
| Electronic format type | image/jpeg |
| 942 ## - ADDED ENTRY ELEMENTS (KOHA) | |
| Koha item type | |
| Withdrawn status | Lost status | Damaged status | Not for loan | Home library | Current library | Shelving location | Date acquired | Total checkouts | Full call number | Barcode | Date last seen | Price effective from | Koha item type | Public note |
|---|---|---|---|---|---|---|---|---|---|---|---|---|---|---|
| Biblioteca Prof. Eusebio Cleto del Rey | Biblioteca Prof. Eusebio Cleto del Rey | 07/04/2026 | 658.8 K87 14ed. | L119733 | 07/04/2026 | 07/04/2026 | Libro | |||||||
| Biblioteca Prof. Eusebio Cleto del Rey | Biblioteca Prof. Eusebio Cleto del Rey | 07/04/2026 | 658.8 K87 14ed. | L126687 | 07/04/2026 | 07/04/2026 | Libro | |||||||
| Biblioteca Prof. Eusebio Cleto del Rey | Biblioteca Prof. Eusebio Cleto del Rey | 07/04/2026 | 658.8 K87 14ed. | L126688 | 07/04/2026 | 07/04/2026 | Libro | CANTO UN POCO SUCIO | ||||||
| Biblioteca Prof. Eusebio Cleto del Rey | Biblioteca Prof. Eusebio Cleto del Rey | 07/04/2026 | 658.8 K87 14ed. | L126689 | 07/04/2026 | 07/04/2026 | Libro | CANTO LATERAL Y SUPERIOR MANCHADO EN LA ESQUINA DERECHA - UN POCO HÚMEDO |